000 00316nam a22001337a 4500
008 180914b xxu||||| |||| 00| 0 eng d
020 _a9780030321016
041 _aeng
080 _23 ED
_a334.7
100 _a55
101 _aMAN
245 _aFundamentals Financial Management
_cBrighan,E,F
942 _2udc
_cBK
999 _c47811
_d47811